• 首页
  • 本馆介绍
  • 公告通知
  • 最新文献
  • 馆藏检索
  • 电子资源
  • 读者导购
  • 参考咨询
  • 我的图书馆
  • 登录
  • 详细信息显示
  • 放入我的书架
  • 预约/预借图书
  • 作者相关作品
  • 分类相关作品
  • 丛书相关作品
  • 出版社相关作品

书目信息

  • 表格格式
  • 工作单格式
  • 卡片格式
题名:
那方山水那方人
    
 
作者: 王东, 著
分册:  
出版信息: 广州   广东人民出版社  2018.04
页数: [12], 312页
开本: 26cm
丛书名: 客家学术研究丛书
单 册:
中图分类: K281.1
科图分类:
主题词: 客家--ke jia--民族历史--研究--中国
电子资源:
ISBN: 978-7-218-11205-3
000 01504cam 2200325 450
001 2374466691
005 20231109183922.14
010    @a978-7-218-11205-3@b精装@dCNY89.00
100    @a20180813d2018 em y0chiy50 ea
101 0  @achi
102    @aCN@b440000
105    @aak a 000yy
200 1  @a那方山水那方人@Ana fang shan shui na fang ren@e客家源流新说@f王东著
210    @a广州@c广东人民出版社@d2018.04
215    @a[12], 312页@c图@d26cm
225 2  @a客家学术研究丛书@Ake jia xue shu yan jiu cong shu
225 2  @a世界客家文库@Ashi jie ke jia wen ku@v005
314    @a王东,男,安徽庐江人,历史学博士,现为华东师范大学历史系教授、博士生导师。代表著作有《客家学导论》《社会结构与客家人教育》等。
320    @a有书目 (第301-312页)
330    @a本书所要着力解决的,是“客家是什么”或“什么是客家”这样的范畴性问题。本书不仅把客家界定为“方言群”,而且还把客家方言群的活动舞台——“赣闽粤边”——作为一个基本的研究单位。以“赣闽粤边”这一特定的地理区域为论述背景,通过对这一特定地理空间与社会空间的具体而微的研究,来动态地分析作为方言群意义上的客家的形成及其发展过程。
333    @a民族历史文化研究者及相关读者。
410  0 @12001 @a客家学术研究丛书
410  0 @12001 @a世界客家文库@v005
517 1  @a客家源流新说@Ake jia yuan liu xin shuo
606 0  @a客家@Ake jia@x民族历史@x研究@y中国
690    @aK281.1@v5
701  0 @a王东,@Awang dong@f1963-@4著
801  0 @aCN@b山东中教书店首都发行所有限公司@c20230926
801  2 @aCN@b山东中教@c20230926
905    @aBZT@dK281.1@e4
    
    那方山水那方人:客家源流新说/王东著.-广州:广东人民出版社,2018.04
    [12], 312页:图;26cm.-(客家学术研究丛书).-(世界客家文库;005)
    使用对象:民族历史文化研究者及相关读者。
    
    ISBN 978-7-218-11205-3(精装):CNY89.00
    本书所要着力解决的,是“客家是什么”或“什么是客家”这样的范畴性问题。本书不仅把客家界定为“方言群”,而且还把客家方言群的活动舞台——“赣闽粤边”——作为一个基本的研究单位。以“赣闽粤边”这一特定的地理区域为论述背景,通过对这一特定地理空间与社会空间的具体而微的研究,来动态地分析作为方言群意义上的客家的形成及其发展过程。
●
相关链接 在五车中查询图书 在当当中查询图书 在豆瓣中查询图书


正题名:那方山水那方人     索取号:K281.1/4         预约/预借

序号 登录号 条形码 馆藏地/架位号 状态 备注
1 2000952279   2000952279   第四书库/四33架B面1层4列/ [索取号:K281.1/4] 在馆    
2 2000952280   2000952280   第四书库/四33架B面1层4列/ [索取号:K281.1/4] 在馆    
3 2000952281   2000952281   第四书库/四33架B面1层4列/ [索取号:K281.1/4] 在馆    
4 2000952282   2000952282   第四书库/四33架B面1层4列/ [索取号:K281.1/4] 在馆    
5 2000952283   2000952283   第四书库/四33架B面1层4列/ [索取号:K281.1/4] 在馆    
6 2000952284   2000952284   第四书库/四33架B面1层4列/ [索取号:K281.1/4] 在馆    
山东省滨州职业学院图书馆 欢迎您!
大连网信软件有限公司© 版权所有